| 000 | 00931nam a2200337Ia 4500 | ||
|---|---|---|---|
| 003 | GCL | ||
| 008 | 140319s9999 xx 000 0 ara d | ||
| 040 |
_aGCL / _cGCL |
||
| 082 | 0 | 4 |
_aط _b591 _bو ا |
| 100 | 1 | _aوفاء اشرف | |
| 245 | 1 | 0 |
_aاريد ان اعرف / _cوفاء اشرف |
| 700 | 1 | _aعادل البطراوى | |
| 260 |
_a[S.N] : _bالدار المصرية اللبنانية ، _c1992 |
||
| 300 | _a16 ص | ||
| 490 |
_aاريد ان اعرف _v0 |
||
| 650 | 0 | 4 | _aالاطفال |
| 650 | 0 | 4 | _aالخيل |
| 650 | 0 | 4 | _aالحيوان |
| 650 | 0 | 4 | _aالقطط |
| 650 | 0 | 4 | _aالبقر |
| 650 | 0 | 4 | _aالاسود |
| 650 | 0 | 4 | _aالكلاب |
| 650 | 0 | 4 | _aالخرتيت |
| 650 | 0 | 4 | _aالفيلة |
| 650 | 0 | 4 | _aالدببة |
| 650 | 0 | 4 | _aالحيوانات المفترسة |
| 650 | 0 | 4 | _aالحمار الوحشى |
| 650 | 0 | 4 | _aالحصان |
| 650 | 0 | 4 | _aالنمور |
| 942 |
_2ddc _cBK |
||
| 999 |
_c29341 _d29341 |
||